Vertebral Manipulation (Record no. 5833)

MARC details
000 -LEADER
fixed length control field 00544nam a22002177a 4500
003 - CONTROL NUMBER IDENTIFIER
control field OSt
005 - DATE AND TIME OF LATEST TRANSACTION
control field 20170424145739.0
008 - FIXED-LENGTH DATA ELEMENTS--GENERAL INFORMATION
fixed length control field 170424b xxu||||| |||| 00| 0 eng d
020 ## - INTERNATIONAL STANDARD BOOK NUMBER
International Standard Book Number 0750613335
040 ## - CATALOGING SOURCE
Transcribing agency DDC
082 ## - DEWEY DECIMAL CLASSIFICATION NUMBER
Classification number 596 MAI 1986
100 ## - MAIN ENTRY--PERSONAL NAME
Personal name Maitland G.D.
9 (RLIN) 11131
245 ## - TITLE STATEMENT
Title Vertebral Manipulation
250 ## - EDITION STATEMENT
Edition statement 5th ed.
260 ## - PUBLICATION, DISTRIBUTION, ETC. (IMPRINT)
Place of publication, distribution, etc. Oxford; Butterworth, 1986
300 ## - PHYSICAL DESCRIPTION
Extent x,390p ill: 26cm
504 ## - BIBLIOGRAPHY, ETC. NOTE
Bibliography, etc Bibliograhy, & index included
650 ## - SUBJECT ADDED ENTRY--TOPICAL TERM
Topical term or geographic name as entry element Vertebral
9 (RLIN) 12117
650 ## - SUBJECT ADDED ENTRY--TOPICAL TERM
Topical term or geographic name as entry element Physiotherapy
9 (RLIN) 1959
942 ## - ADDED ENTRY ELEMENTS (KOHA)
Source of classification or shelving scheme Other/Generic Classification Scheme
Koha item type Open Shelf
Holdings
Withdrawn status Lost status Source of classification or shelving scheme Damaged status Not for loan Home library Current library Date acquired Source of acquisition Inventory number Total Checkouts Full call number Barcode Date last seen Koha item type
    Dewey Decimal Classification     MUST Main Library MUST Main Library 24/04/2017   97/10956   596 MAI 1986 2017-0815 24/04/2017 Open Shelf